Wiesz jak nazywa się ten makaron? - Statystyki

Ogólne statystyki
  • Ten quiz został rozwiązany 64 razy
  • Średni wynik to 3 z 10
Statystyki odpowiedzi
Obrazkowy Odpowiedź % Poprawnych
Spaghetti
96%
Lasagne
59%
Penne
59%
Tagliatelle
31%
Cannelloni
26%
Farfalle
17%
Fusilli
17%
Pappardelle
17%
Rigatoni
7%
Conchiglioni
6%
Nie znaleziono quizów pasujących do podanych kryteriów
Rozkład punktacji
Procent ludzi z każdym wynikiem
Percentyl według liczby udzielonych odpowiedzi
Twoja historia wyników
Nie rozwiązałeś tego quizu